00677nam a2200193Ia 4500003000900000008004100009040001600050080002000066245009700086260003300183300001500216650001800231650004100249650002200290700002800312942000700340999001500347952012100362IN-BaIIA211028s9999 xx 000 0 eng d cIIA Library a047.1:52bVIA-7 0aVistas in astronomybvol .7cedited by Arthur Beer  aOxfordbPergamon Pressc1966 avii, 208p. aAstronomy980 aAstronomy and Astrophysics Thesaurus aAstrophysics9794 aBeer, Arthur, ed.93137 cBK c2933d2933 00104070aBANbBANcGENd1967-06-02g88.20l0o047.1:52/ VIA-7p3259r2021-11-05v88.20w1967-06-02yBKGRs. 88.20